01351nam a2200325Ia 4500001001200000003000800012006001900020007001500039008004100054010001700095020004300112040002100155035002100176050002500197100002600222245007900248260005100327300001700378504005100395533015200446650003800598650006000636650005700696650003400753651004900787655002900836710001700865856012600882999001701008ebr10348454CaPaEBRm u cr cn|||||||||090511s2009 ctu sb 001 0 eng d z 2009019345 z9780300145793 (hardcover : alk. paper) aCaPaEBRcCaPaEBR a(OCoLC)50360565714aD810.P7bA654 2009eb1 aHerf, Jeffrey,d1947-10aNazi propaganda for the Arab worldh[electronic resource] /cJeffrey Herf. aNew Haven, CT :bYale University Press,c2009. axiii, 335 p. aIncludes bibliographical references and index. aElectronic reproduction.bPalo Alto, Calif. :cebrary,d2010.nAvailable via World Wide Web.nAccess may be limited to ebrary affiliated libraries. 0aWorld War, 1939-1945xPropaganda. 0aNazi propagandazArab countriesxHistoryy20th century. 0aAntisemitismzArab countriesxHistoryy20th century. 0aHolocaust, Jewish (1939-1945) 0aGermanyxPolitics and governmenty1933-1945. 7aElectronic books.2local2 aebrary, Inc.40uhttp://site.ebrary.com/lib/rucke/Doc?id=10348454zAn electronic book accessible through the World Wide Web; click to view c31622d31622